000 00458nam a22001691c 4500
001 019950527
008 051005s eng d
020 _a0907582141
_90-907582-14-1
041 _aeng
245 0 4 _aThe German military in the age of total war /
_cwith a foreword by Paul Kennedy
264 _aLeamington Spa u.a. :
_bBerg,
_c[2005]
300 _a362 S.
700 1 _aDeist, Wilhelm
_eHerausgeberIn
942 _cMG
040 _cRU-10907106
003 RU-10907106
999 _c2906
_d2906